00468nam a2200169Ia 4500999001700000003000400017005001700021008004100038040000900079082001500088100002400103245005200127260004300179300000900222650003000231942003700261 c35341d35341OSt20201215102120.0190216s9999||||xx |||||||||||||| ||und|| coclc a947bNAV/U aNavosti Press97492 0aUssr 100 Questions And Answers /cNavosti Press bNavosti Press Agency, c1977.aMoscow: a108p aQuestion Bank Book Series cREF2ddch947iNAV/Uk947mNAV/U